| 000 | 00420pab a2200181 454500 | ||
|---|---|---|---|
| 008 | 180718b2011 xxu||||| |||| 00| 0 eng d | ||
| 100 | _aRamachandran, Vimala | ||
| 245 | _aTrust deficit blocking partnerships | ||
| 260 | _c2011 | ||
| 300 | _ap.54-57. | ||
| 362 | _aNov | ||
| 650 | _aEducation | ||
| 650 | _aSchools | ||
| 650 | _aPublic private partnerships | ||
| 773 | _aSeminar | ||
| 908 | _aN | ||
| 909 | _a93767 | ||
| 999 |
_c93767 _d93767 |
||